Melanie Martinez - HADES - Statistics

General Stats
  • This quiz has been taken 256 times
  • The average score is 14 of 18
Answer Stats
HADES 2026 % Correct
1 GARBAGE
96%
3 POSSESSION
93%
5 DISNEY PRINCESS
92%
6 GRUDGES
85%
2 IS THIS A CULT?
85%
4 WHITE BOY WITH A GUN
82%
7 MONOPOLY MAN
80%
9 MONOLITH
77%
13 GUTTER
76%
15 THE VATICAN
75%
10 WEIGHT WATCHERS
75%
8 AVOIDANT
73%
18 THE LAST TWO PEOPLE ON EARTH
72%
11 THE PLAGUE
72%
17 CHATROOM
65%
12 BATSHIT INTELLIGENCE
62%
16 HELL'S FRONT PORCH
61%
14 UNCANNY VALLEY
57%
No matching quizzes found
Score Distribution
Percent of People with Each Score
Percentile by Number Answered
Your Score History
You have not taken this quiz